000
00328nam a2200145Ia 4500
005
20251222141819.0
008
251222s9999||||xx |||||||||||||| ||spa||
020
_a
8448118049
082
_a
306/K78
100
_a
Kottak, Conrad Phillip
245
0
_a
Antropología:
250
_a
6ta.ed.
264
_b
McGraw-Hill
942
_c
LIB
999
_c
6736
_d
6736